000 nam a22 a 4500
999 _c380867
_d380867
003 BLK
005 20220916104435.0
008 180408b bul|||||r ||||||| ||bul||
010 _aKNG00087003000
020 _a9786190009382
040 _aBLK
041 _aBUL
_cBUL
080 _aБългарска литература
_b821.163.2
_x-32
_z821.163.2-32
100 _aСтоянова, Елка Тодорова
_eпърви автор
_91299
139 _aСтоянова, Елка Тодорова
_bС 83
245 1 0 _aПетъчни истории +
_bРазкази & статуси
_cЕлка Стоянова.
257 _aBGR
260 _aВ. Търново
_bФабер
_c2019
300 _a152 с.
_c22 см
380 _aX
856 4 _qpdf
856 4 _qpdf
942 _cKNG
_n0
_05
_s1
944 _aCR
_c29.12.2008
_lф /
_kТД
944 _aED
_c12.08.2014
_lф /
999 _d380867
999 _d380867